Quizzes
Events
Quiz Creation
Community
Videos
Private Events
Remove Ads
Sign In
Join for FREE
Feedback
Dark Mode
Quiz Categories
Sports
Geography
Music
Movies
Television
Just For Fun
Miscellaneous
History
Literature
Language
Science
Gaming
Entertainment
Religion
Holiday
For Kids
Quiz Lab
Recent
Popular Today
Quiz Kudos Today
Editor Picks
Curator Picks
Quizzes by...
Day
Popularity
Type
Ratings
Length
Year
Community
Subscriptions
Recent Discussions
Orange Saloon
Badges
Playlists
Quests
Create
Leaderboards
Showdown
Live 5
Trivia Bingo
Activity
Puzzle Library
Sporcle Events
Private Events
Virtual Trivia
Globe League
Become a Host
Pub Owners
SporcleCon
Opinionation
Our Games
Videos
Blog
Mobile Apps
Partnerships
Remove Ads and Go Orange
Feedback
Science
Computer
Plants
Astronomy
Chemistry
Elements
Math
Animal
Physics
Anatomy
Biology
Geology
General Science
Science
Computer
Plants
Astronomy
Chemistry
Elements
Math
Animal
Physics
Anatomy
Biology
Geology
General Science
Random Quiz
Search Sporcle
×
Curator Pick
Curator Pick
Science
St Patrick's Day
Select answers by clicking on text or image buttons
Select answers by clicking on text or image buttons
Clickable
Best Score? Go Orange.
St. Patrick's Day Elements Stats
Can you pick the elements whose symbols are in parentheses that spell out St. Patrick's Day related words?
By
Ubbiebubbie
8m
63 Questions
210 Plays
210 Plays
210 Plays
Comments
Comments
Give Quiz Kudos
Give Quiz Kudos
-
- Ratings
hide this ad
More Info
Forced Order
Answers have to be entered in order
Answers have to be entered in order
Replay
Link that replays current quiz
Next Quiz
Link to next quiz in quiz playlist
You Got
0%
They Got
Avg Score
74%
Avg Friend Score
Upgrade to see
Score Distribution
Jump to the score distribution portion of the page
Score
0/63
Timer
08:00
0
Plays Today
% Correct
???
88.1%
???
85.7%
???
83.8%
???
81.4%
???
81%
???
80.5%
???
80.5%
???
79%
???
78.6%
???
78.6%
???
78.6%
???
78.1%
???
77.6%
???
77.1%
???
77.1%
???
76.7%
???
76.2%
???
75.7%
???
75.7%
???
75.2%
???
75.2%
???
75.2%
???
75.2%
???
75.2%
???
75.2%
???
74.8%
???
74.8%
???
74.8%
???
74.8%
???
74.3%
???
74.3%
???
74.3%
% Correct
???
74.3%
???
74.3%
???
73.8%
???
73.8%
???
73.8%
???
73.8%
???
73.3%
???
73.3%
???
72.9%
???
72.9%
???
72.9%
???
72.9%
???
72.9%
???
72.4%
???
72.4%
???
72.4%
???
71.9%
???
71.9%
???
71.9%
???
71.9%
???
71.4%
???
71.4%
???
71%
???
70%
???
70%
???
69%
???
68.1%
???
67.6%
???
65.7%
???
65.7%
???
55.7%
Quiz Playlist
Details
Report
Send in Message
Add To Playlist
More Info:
Click the element whose symbols is in parentheses. There are decoys.
Clickable:
Select answers by clicking on text or image buttons
Forced Order:
Answers have to be entered in order
Last Updated: Feb 16, 2017
Curator Pick in
Elements
Quiz Scoreboard
CHALLENGE
Sign Up to Join the Scoreboard
Show All
Scores
Hide
Comments
May contain spoilers
Recently Published
Popular People in 1961
by mucciniale
History
6m
1-10 Letter E Words III
by El_Dandy
Language
2m
One Thing in Common: World Cities II
by knightlancer
Geography
7m
More to Explore
Quiz From the Vault
Featured Blog Post
Where Did the Easter Bunny Come From?
hide this ad
You Might Also Like...
Tags
Chemistry Quiz
Clickable Quiz
Elements Quiz
St Patrick's Day Quiz
parentheses
patrick
Related
Spelling
Symbol
Today's Top Quizzes in Science
Browse Science
hide this ad
Today's Top Quizzes in St Patrick's Day
Browse St Patrick's Day
Top Contributed Quizzes in Science
1
Quick Pick: Radians
2
One Thing in Common: Science III
3
One Thing in Common: Science
4
Sporcle Puzzle Hunt: Science
5
One Thing in Common: Science II
6
Quick Pick: 'CI-CJ' Animals
7
Click the Parts of an Plant Cell
8
Elements In Images
9
Multiplication table 1-10
10
Square Numbers Scrambled (1-50)
Explore More
Trending Topics
NBA
Anime
Crossword
Disney
Kpop
Harry Potter
Marvel
Soccer
Puzzle
Country
Pokémon
Song
The Office
NFL
WWE
hide this ad
More By:
Ubbiebubbie
Quiz
Plays
Rating
Category
Featured
Created
100 Number Matching Madness
546,289
3.97
Just For Fun
Dec 4, 2012
Border Hopping Bonanza
407,508
3.30
Geography
Mar 30, 2012
Languages per Continent Minefield
193,201
3.78
Language
Aug 8, 2015
Mountain Range Country Minefield Blitz
112,415
4.34
Geography
Jul 23, 2015
Asian 'L' Countries
99,179
4.53
Geography
May 6, 2013
Go to Creator's Profile
Score Distribution
Quiz Creator Spotlight
Ubbiebubbie
Follow
Send a Message
Quizzes Created
-
Created Quiz Play Count
-
More By This Creator
Popular Quizzes Today
1
Find the US States - No Outlines Minefield
2
The Countries of the World
3
Popular People in 1961
4
Find the Countries of Europe - No Outlines Minefield
5
1-10 Letter E Words III
6
Find the US States
7
One Thing in Common: World Cities II
8
US States
More Science Quizzes
Quick Multiplication Shooting Gallery
Curator's Pick
Trending Quizzes
1-10 Letter F Words
One Thing in Common: Music
1-10 Letter G Words
Risky Map Clicking: Next State Alphabetically
1-10 Letter F Words II
Recently Updated
Leaping Animals
pecheneg
Reality TV Shows (A-Z)
bhenderson79
Rickey Henderson's Hall of Fame Teammates
pecheneg
Champions League XIs: Arsenal
pecheneg
Quick Pick: Celebrities in WWE's Hall of Fame
aduchscher
A-Z Keypad Blitz II
pecheneg
Multiple Oscar Actors
pecheneg
Mystery Phrase Blitz: Oscar 'Best Actors'
pecheneg
F. Scott Fitzgerald Novels
LTH
Pick 3 Villains
ddd62291
Trending Topics
Marvel
Disney
NBA
Crossword
Anime
Harry Potter
Kpop
The Office
NFL
Country
WWE
Puzzle
Soccer
Song
Pokémon
Your Account Isn't Verified!
In order to create a playlist on Sporcle, you need to verify the email address you used during registration. Go to your
Sporcle Settings
to finish the process.
Report this User
Report this user for behavior that violates our
Community Guidelines
.
Details:
Send Report
Go to the Sporcle.com Mobile Site →
Comments